000 00777nam a22002537a 4500
003 UA-OsUOA
001 21347
007 ta
008 20031128b un ||||| |||| 00| 0 ukr d
100 _aСкворцов Н.Н.
090 _a336.2(477)
_bС42
942 _cBK
040 _aUA-OsUOA
_brus
_cUA-OsUOA
_dUA-OsUOA
245 _aВсе о налогах в Украине
_bКак избегать налогов? (Советы налогоплательщику) Как изымать налоги? (Советы налоговому инспектору)
300 _a112 с.
955 _a0
041 _arus
080 _a336.2(477)
020 _a5-7707-7425-4
260 _aКиев
_bКонкорд
_c1995
044 _aUA
650 7 _2UDC
999 _c307542
_d307542